Llwytho...

Hang man /

Manylion Llyfryddiaeth
Prif Awdur: Chase, James Hardly
Awduron Eraill: Bhaskaran , Payyanur K. K. (Cyfieithydd)
Iaith:Undetermined
Cyhoeddwyd: Thiroor : Thunchan Pusthakam , 2012.
LEADER 00540nam a2200157Ia 4500
001 181944
008 170722s9999 xx 000 0 und d
100 |a Chase, James Hardly 
245 |a Hang man / 
260 |a Thiroor :  |b Thunchan Pusthakam ,  |c 2012. 
300 |a 162 p. 
700 |a Bhaskaran , Payyanur K. K.  |e translator. 
923 |d 20130719  |n 2474 
942 |c GEN 
999 |c 150479  |d 150479 
952 |0 0  |1 0  |4 0  |6 O_34N0614H_32Q2KR  |7 0  |8 KR  |9 212200  |a LIB  |b LIB  |d 2013-09-28  |e Melinda Books  |o O-,34N0614,H 32Q2(KR)  |p 292357  |r 2017-08-12  |v 125.00  |w 2017-08-12  |y GEN